• 首页
  • 本馆介绍
  • 公告通知
  • 最新文献
  • 馆藏检索
  • 电子资源
  • 读者导购
  • 参考咨询
  • 我的图书馆
  • 登录
  • 详细信息显示
  • 放入我的书架
  • 预约/预借图书
  • 作者相关作品
  • 分类相关作品
  • 丛书相关作品
  • 出版社相关作品

书目信息

  • 表格格式
  • 工作单格式
  • 卡片格式
题名:
千姿百态的恐龙世界
    
 
作者: 陶培荣 主编 ;钱迈平 , 马雪 编著 ;江苏省地质学会 编著
分册:  
出版信息: 武汉   中国地质大学出版社  2021.6
页数: 132页
开本: 26cm
丛书名:
单 册:
中图分类: Q915.864
科图分类:
主题词: 恐龙--普及读物
电子资源:
ISBN: 978-7-5625-4494-4
000 01144nam0 2200313 45
001 012001002824
005 20141010094612.0
010    @a978-7-5625-4494-4@dCNY48.00
100    @a20190605d2019 em y0chiy50 ea
101 0  @achi
102    @aCN@b420000
105    @aa z 000yy
106    @ar
200 1  @a千姿百态的恐龙世界@b专著@e恐龙科普知识百问@f江苏省地质学会编著@g钱迈平等编著@Aqian zi bai tai de kong long shi jie
210    @a武汉@c中国地质大学出版社@d2021.6
215    @a132页@c彩图@d26cm
300    @a中国地质调查成果 中国地质调查局项目科普成果
300    @a其他题名:恐龙科普知识百问
314    @a主编:陶培荣; 编著:钱迈平、马雪、詹庚申、周效华、章其华、所颖萍等
330    @a本书将以图文并茂、有问有答的形式向读者介绍有关恐龙的科普知识。
517 1  @a恐龙科普知识百问@Akong long ke pu zhi shi bai wen
606 0  @a恐龙@j普及读物
690    @aQ915.864@v5
701  0 @a陶培荣@Atao pei rong@4主编
702  0 @a钱迈平@Aqian mai ping@4编著
702  0 @a马雪@Ama xue@4编著
712 02 @a江苏省地质学会@Ajiang su sheng di zhi xue hui@4编著
801  2 @aCN@bBJSDL@c20211018
905    @b1350476-9@dQ915.864@e41@f4
    
    千姿百态的恐龙世界:恐龙科普知识百问/江苏省地质学会编著/钱迈平等编著.-武汉:中国地质大学出版社,2021.6
    132页:彩图;26cm
    中国地质调查成果 中国地质调查局项目科普成果.-其他题名:恐龙科普知识百问
    
    ISBN 978-7-5625-4494-4:CNY48.00
    本书将以图文并茂、有问有答的形式向读者介绍有关恐龙的科普知识。
●
相关链接 在E读中查询图书 在五车中查询图书 在当当中查询图书 在豆瓣中查询图书


正题名:千姿百态的恐龙世界     索取号:Q915.864/41         预约/预借

序号 登录号 条形码 馆藏地/架位号 状态 备注
1 1350476   213504769   第二样本阅览室/ [索取号:Q915.864/41] 在馆    
2 1350477   213504778   第三借阅区/ [索取号:Q915.864/41] 在馆    
3 1350478   213504787   第三借阅区/ [索取号:Q915.864/41] 在馆    
4 1350479   213504796   第三借阅区/ [索取号:Q915.864/41] 在馆    
唐山师范学院图书馆 欢迎您!
大连网信软件有限公司© 版权所有